00378pab a2200121 454500008004000000100002400040245010800064260000900172300001500181362001200196650001500208773003300223180718b2012 xxu||||| |||| 00| 0 eng d aNewswander, Chad B. aMoral leadership and administrative statesmanship: Safeguards of democracy in a constitutional republic c2012 ap.866-874. aNov-Dec aLeadership aPublic Administration Review